[Event "Schleswig Holstein-ch Hauptturnier"]
[Site "Ratzeburg"]
[Date "2017.04.14"]
[Round "9.6"]
[White "Jeschke, Tobias"]
[Black "Kathage, Holger"]
[Result "1/2-1/2"]
[WhiteElo "1490"]
[BlackElo "1717"]
[PlyCount "62"]
[EventDate "2017.04.08"]
[EventType "swiss"]
[EventRounds "9"]
[EventCountry "GER"]
[SourceTitle "EXT 2022"]
[Source "ChessBase"]
[SourceDate "2021.10.06"]
[SourceVersion "1"]
[SourceVersionDate "2021.10.06"]
[SourceQuality "1"]

1. Nc3 Nf6 2. e4 c5 3. e5 Ng8 4. Bc4 e6 5. d4 d5 6. Bb5+ Nc6 7. Nf3 a6 8. Be2 cxd4 9. Nxd4 Nxe5 10. 0-0 Nf6 11. f4 Nc6 12. Nxc6 bxc6 13. Bd3 Bc5+ 14. Kh1 0-0 15. Qf3 Rb8 16. g4 e5 17. fxe5 Nxg4 18. Qg3 Bd4 19. Bf4 g5 20. h3 gxf4 21. Rxf4 Bc5 22. Rxg4+ Bxg4 23. Qxg4+ Kh8 24. Bxh7 Rb4 25. Ne4 Rxe4 26. Bxe4 dxe4 27. Rf1 f5 28. exf6 Rxf6 29. Qh4+ Kg7 30. Qg5+ Kh7 31. Qh5+ Kg7 1/2-1/2

[Event "Kiel Cup U18"]
[Site "Kiel"]
[Date "2008.10.17"]
[Round "5.11"]
[White "Karlisch, Moritz"]
[Black "Jeschke, Tobias"]
[Result "0-1"]
[WhiteElo "753"]
[BlackElo "1284"]
[PlyCount "48"]
[EventDate "2008.10.16"]
[EventType "team-swiss"]
[EventRounds "7"]
[EventCountry "GER"]
[SourceTitle "EXT 2011"]
[Source "ChessBase"]
[SourceDate "2010.11.26"]
[SourceVersion "1"]
[SourceVersionDate "2010.11.26"]
[SourceQuality "1"]

1. e4 e5 2. Nf3 Nc6 3. Bc4 Nf6 4. Ng5 d5 5. exd5 Na5 6. Bb5+ c6 7. dxc6 bxc6 8. Be2 Bd6 9. d4 0-0 10. 0-0 exd4 11. Qxd4 Bxh2+ 12. Kxh2 Qxd4 13. c3 Qe5+ 14. Kg1 Qxe2 15. b4 Nc4 16. g3 Ng4 17. Bf4 Qb2 18. Nd2 Nxd2 19. Bxd2 Qxd2 20. Rad1 Qxg5 21. f4 Qh5 22. Kg2 Ne3+ 23. Kf2 Nxd1+ 24. Rxd1 Qxd1 0-1

[Event "Schleswig Holstein-ch U16 VM"]
[Site "Neumuenster"]
[Date "2008.03.30"]
[Round "9"]
[White "Dietrich, Stefan"]
[Black "Jeschke, Tobias"]
[Result "0-1"]
[WhiteElo "1409"]
[BlackElo "1338"]
[PlyCount "72"]
[EventDate "2008.03.24"]
[EventType "swiss"]
[EventRounds "9"]
[EventCountry "GER"]
[SourceTitle "EXT 2009"]
[Source "ChessBase"]
[SourceDate "2008.11.26"]
[SourceVersion "1"]
[SourceVersionDate "2008.11.26"]
[SourceQuality "1"]

1. e4 e5 2. Nf3 Nc6 3. d4 exd4 4. Nxd4 Qh4 5. Nc3 Bb4 6. Qd3 Nge7 7. Nf3 Qf6 8. Be2 0-0 9. 0-0 d6 10. Bd2 Bg4 11. a3 Ba5 12. b4 Bb6 13. Be3 Bxf3 14. Bxf3 Ne5 15. Nd5 Nxd5 16. Qxd5 Nxf3+ 17. gxf3 Qxf3 18. Bxb6 axb6 19. Qxb7 Rfc8 20. a4 Re8 21. Rfe1 Qc3 22. Rec1 h5 23. Qd5 Qh3 24. a5 Qg4+ 25. Kf1 Qxe4 26. Qxe4 Rxe4 27. Re1 Rxb4 28. axb6 Rxa1 29. Rxa1 cxb6 30. Ra8+ Kh7 31. Ra7 Kg6 32. Rd7 Rd4 33. Rb7 Rc4 34. Rxb6 Rxc2 35. Rxd6+ f6 36. Kg2 Rc3 0-1

[Event "Schleswig Holstein-ch U16 VM"]
[Site "Neumuenster"]
[Date "2008.03.28"]
[Round "7"]
[White "Luethje, Fabian"]
[Black "Jeschke, Tobias"]
[Result "0-1"]
[WhiteElo "1388"]
[BlackElo "1338"]
[PlyCount "96"]
[EventDate "2008.03.24"]
[EventType "swiss"]
[EventRounds "9"]
[EventCountry "GER"]
[SourceTitle "EXT 2009"]
[Source "ChessBase"]
[SourceDate "2008.11.26"]
[SourceVersion "1"]
[SourceVersionDate "2008.11.26"]
[SourceQuality "1"]

1. d4 d5 2. c4 e6 3. a3 Nf6 4. Nc3 a6 5. Bg5 Be7 6. e3 h6 7. Bh4 Nbd7 8. Nf3 b6 9. b4 c5 10. Bxf6 Nxf6 11. dxc5 bxc5 12. cxd5 cxb4 13. axb4 Nxd5 14. Nxd5 Qxd5 15. Ra4 Qxd1+ 16. Kxd1 0-0 17. Nd4 Bd7 18. Rxa6 Rxa6 19. Bxa6 Bxb4 20. Ke2 Ra8 21. Bb5 Bxb5+ 22. Nxb5 g5 23. Rb1 Be7 24. Kf3 Rb8 25. Nc3 Rxb1 26. Nxb1 Bb4 27. h3 Kg7 28. Ke2 f5 29. Nd2 Bxd2 30. Kxd2 Kf6 31. Kd3 Ke5 32. g3 Kd5 33. f3 e5 34. e4+ fxe4+ 35. fxe4+ Kc5 36. Kc3 h5 37. g4 h4 38. Kd3 Kb4 39. Kd2 Kc4 40. Ke3 Kc3 41. Ke2 Kd4 42. Kf3 Kd3 43. Kf2 Kxe4 44. Ke2 Kf4 45. Kf2 e4 46. Kg2 e3 47. Kf1 Kf3 48. Ke1 e2 0-1

[Event "Schleswig Holstein-ch U16 VM"]
[Site "Neumuenster"]
[Date "2008.03.27"]
[Round "5"]
[White "Dardaillon, Maurice"]
[Black "Jeschke, Tobias"]
[Result "0-1"]
[WhiteElo "1005"]
[BlackElo "1338"]
[PlyCount "88"]
[EventDate "2008.03.24"]
[EventType "swiss"]
[EventRounds "9"]
[EventCountry "GER"]
[SourceTitle "EXT 2009"]
[Source "ChessBase"]
[SourceDate "2008.11.26"]
[SourceVersion "1"]
[SourceVersionDate "2008.11.26"]
[SourceQuality "1"]

1. e4 e5 2. Nf3 Nc6 3. Bc4 Nf6 4. Ng5 d5 5. exd5 Na5 6. d3 a6 7. Bd2 Nxc4 8. dxc4 h6 9. Nf3 e4 10. Nd4 Bc5 11. Be3 Ng4 12. 0-0 Qd6 13. g3 Nxe3 14. fxe3 0-0 15. Nd2 f5 16. Qh5 Bxd4 17. exd4 Qb4 18. Nb3 Qxc4 19. c3 Qxd5 20. h3 Bd7 21. g4 Bc6 22. Rxf5 Rxf5 23. Qxf5 Qxf5 24. gxf5 Rf8 25. c4 Rxf5 26. Nc5 Rg5+ 27. Kf2 Rf5+ 28. Kg3 g5 29. Ne6 Rf3+ 30. Kg4 Bd7 31. d5 Rf6 32. Re1 Bxe6+ 33. dxe6 Rxe6 34. Kf5 Kf7 35. Rd1 Re7 36. b3 e3 37. Re1 c5 38. Kg4 Kf6 39. Kf3 Kf5 40. a3 h5 41. Rxe3 Rxe3+ 42. Kxe3 b6 43. b4 g4 44. h4 Ke5 0-1

[Event "Schleswig Holstein-ch U16 VM"]
[Site "Neumuenster"]
[Date "2008.03.27"]
[Round "6"]
[White "Jeschke, Tobias"]
[Black "Schramm, Philipp"]
[Result "1-0"]
[WhiteElo "1338"]
[BlackElo "1286"]
[PlyCount "77"]
[EventDate "2008.03.24"]
[EventType "swiss"]
[EventRounds "9"]
[EventCountry "GER"]
[SourceTitle "EXT 2009"]
[Source "ChessBase"]
[SourceDate "2008.11.26"]
[SourceVersion "1"]
[SourceVersionDate "2008.11.26"]
[SourceQuality "1"]

1. e4 e5 2. Nf3 d6 3. Bc4 Bg4 4. d3 Be7 5. Nc3 Nf6 6. Bg5 Nc6 7. 0-0 Nd4 8. Kh1 Nxf3 9. gxf3 Bh5 10. Rg1 h6 11. Bh4 g5 12. Bg3 Qd7 13. Kg2 g4 14. fxg4 Bxg4 15. f3 Bh3+ 16. Kf2 a6 17. Qe2 h5 18. Ke1 Rg8 19. Kd2 Nh7 20. Rae1 Bg5+ 21. Kd1 0-0-0 22. Qf2 Rdf8 23. Bh4 Bh6 24. Qa7 Qe8 25. Qa8+ Kd7 26. Qxb7 Rxg1 27. Rxg1 Qa8 28. Qxa6 Qxa6 29. Bxa6 f5 30. exf5 Bxf5 31. Bc4 Kc6 32. Rg8 Rxg8 33. Bxg8 Nf8 34. Nd5 Be6 35. Bxe6 Nxe6 36. Nc3 Nd4 37. Bf2 Nxf3 38. h4 Nd4 39. Ne4 1-0

[Event "Schleswig Holstein-ch U16 VM"]
[Site "Neumuenster"]
[Date "2008.03.26"]
[Round "4"]
[White "Jeschke, Tobias"]
[Black "Gogol, Max"]
[Result "0-1"]
[WhiteElo "1338"]
[BlackElo "1496"]
[PlyCount "112"]
[EventDate "2008.03.24"]
[EventType "swiss"]
[EventRounds "9"]
[EventCountry "GER"]
[SourceTitle "EXT 2009"]
[Source "ChessBase"]
[SourceDate "2008.11.26"]
[SourceVersion "1"]
[SourceVersionDate "2008.11.26"]
[SourceQuality "1"]

1. e4 c5 2. Nf3 e6 3. d4 cxd4 4. Nxd4 a6 5. Nc3 Qc7 6. Bd2 Nf6 7. Bd3 Be7 8. 0-0 0-0 9. Re1 d6 10. Nf3 Nbd7 11. Bg5 b5 12. a3 Bb7 13. Qe2 Qc6 14. Qe3 Rfe8 15. Bf1 h6 16. Bf4 Nb6 17. e5 Nfd5 18. Qd2 Nxf4 19. Qxf4 d5 20. Rac1 Nc4 21. Nd4 Qc7 22. Bxc4 bxc4 23. Qe3 Bc5 24. Nce2 Qb6 25. Rb1 a5 26. c3 Bc6 27. Red1 Ba4 28. Rd2 Bd7 29. f4 Bxa3 30. h4 Be7 31. h5 a4 32. Rdd1 Qc7 33. g4 a3 34. bxa3 Rxa3 35. Rf1 Rb8 36. Rbc1 Rb2 37. Kh1 Raa2 38. Rg1 Bc5 39. Rge1 Qd8 40. Qf2 Qa8 41. Qe3 Qa3 42. Qf3 Bxd4 43. Nxd4 Rf2 44. Qg3 Qb2 45. Nc2 Rxc2 46. Rxc2 Qxc2 47. g5 Qf2 48. Rg1 d4 49. Qxf2 Rxf2 50. Rd1 d3 51. Ra1 Bc6+ 52. Kg1 Rc2 53. Kf1 Rxc3 54. Ke1 Rc2 55. g6 Kf8 56. Rb1 c3 0-1

[Event "Kieler Cup U14"]
[Site "Kiel"]
[Date "2007.10.21"]
[Round "7"]
[White "Magnussen, Helge"]
[Black "Jeschke, Tobias"]
[Result "1-0"]
[WhiteElo "2034"]
[BlackElo "1197"]
[PlyCount "67"]
[EventDate "2007.10.18"]
[EventType "swiss"]
[EventRounds "7"]
[EventCountry "GER"]
[SourceTitle "EXT 2010"]
[Source "ChessBase"]
[SourceDate "2010.11.25"]
[SourceVersion "1"]
[SourceVersionDate "2010.11.25"]
[SourceQuality "1"]

1. d4 d5 2. c4 Nf6 3. cxd5 Nxd5 4. e4 Nf6 5. Nc3 e6 6. Nf3 Bb4 7. Bd3 Nc6 8. 0-0 0-0 9. Bc2 Re8 10. e5 Nd5 11. Ng5 h6 12. Nge4 b6 13. Qd3 Nde7 14. Nf6+ Kf8 15. Nxe8 Qxe8 16. Ne4 Qd8 17. a3 Bxa3 18. bxa3 Nxd4 19. Rd1 c5 20. Bb2 Nef5 21. Ng3 Qg5 22. Nxf5 exf5 23. Bxd4 cxd4 24. Qf3 Rb8 25. Qc6 Kg8 26. Qd6 Ra8 27. Ba4 f4 28. Bc6 Bh3 29. Bxa8 Qg4 30. Be4 f5 31. Bf3 Qg5 32. Qxd4 Bxg2 33. Bxg2 f3 34. Qd8+ 1-0

[Event "Kieler Cup U14"]
[Site "Kiel"]
[Date "2007.10.20"]
[Round "5"]
[White "Dittrich, Gunnar"]
[Black "Jeschke, Tobias"]
[Result "1-0"]
[WhiteElo "1963"]
[BlackElo "1197"]
[PlyCount "55"]
[EventDate "2007.10.18"]
[EventType "swiss"]
[EventRounds "7"]
[EventCountry "GER"]
[SourceTitle "EXT 2010"]
[Source "ChessBase"]
[SourceDate "2010.11.25"]
[SourceVersion "1"]
[SourceVersionDate "2010.11.25"]
[SourceQuality "1"]

1. e4 d5 2. exd5 Qxd5 3. Nc3 Qa5 4. d4 c6 5. Bc4 Nf6 6. Nf3 Bg4 7. h3 Bh5 8. Bf4 e6 9. 0-0 Qf5 10. Bg3 g5 11. Bd3 Qa5 12. Be5 Nbd7 13. Ne4 Be7 14. g4 Bg6 15. Nd6+ Bxd6 16. Bxd6 h5 17. Bxg6 fxg6 18. Qd3 Rg8 19. c4 Rd8 20. b4 Qa6 21. Rfe1 Nf8 22. Bxf8 Kxf8 23. Rxe6 Kg7 24. Nxg5 hxg4 25. hxg4 Rh8 26. Re7+ Kf8 27. Rf7+ Ke8 28. Re1+ 1-0